| 000 | 00520nam a2200181Ia 4500 | ||
|---|---|---|---|
| 999 |
_c14280 _d14280 |
||
| 003 | OSt | ||
| 005 | 20201019131555.0 | ||
| 008 | 190216s9999||||xx |||||||||||||| ||und|| | ||
| 020 | _a9780143032038 | ||
| 040 | _coclc | ||
| 082 |
_a324.0222 _bDAR/M |
||
| 100 |
_aDar, Sudhir _95926 |
||
| 245 | 4 |
_aThe Mad, Mad World Of Election / _cSudhir Dar |
|
| 260 |
_bPenguin Books, _aNew Delhi: _c2004. |
||
| 300 | _a201p | ||
| 650 | _aFiction English | ||
| 942 |
_cBK _2ddc _h324.0222 _iDAR/M _k324.0222 _mDAR/M |
||